| 000 | 00425nam a2200133Ia 4500 | ||
|---|---|---|---|
| 005 | 20260328104345.0 | ||
| 008 | 260328s9999||||xx |||||||||||||| ||und|| | ||
| 100 | _aJackson, Tom | ||
| 245 | 0 |
_aTechnology : _b An Illustrated History of Machines from Stone Axes to Robotics and Ai (100 Ponderables) (Ponderables 100) / _cTom Jackson |
|
| 260 | _bShelter Harbor Press | ||
| 300 | _a144 p. | ||
| 650 | _aTECNOLOGIA | ||
| 942 | _cBK | ||
| 999 |
_c12299 _d12299 |
||